000 00991nam a22002894a 4500
003 AR-BaSMT
008 240619t2008 uka|||cr|||| 000 1 eng d
020 _a9780746096123
040 _aBSGB
_bespañol
_erda
041 _aeng
_hinglés
080 _a82=111
100 1 _aMason, Conrad
_9497
245 1 _aMacbeth
250 _aprimera edición
264 1 _aLondres :
_bUsborne,
_c2008.
300 _a64 páginas
_bilustraciones a color
336 _aTexto
337 _aSin mediación
338 _aVolúmen
500 _aRetold by Conrad Mason. Based on the play by William Shakespeare
520 _aMacbeth is the bravest general in Scotland, and a loyal servant of King Duncan. But then he heart that one day, he coult be king himself. Mad with ambition, Macbeth sets out on a bloody path to power.
521 _aSecundaria
650 7 _9166
_aLITERATURA
_vTeatro
_xInglés
700 1 _aUnzner, Christa,
_eIlustradora
_9496
942 _2udc
_aBOOK
999 _c670
_d670